| 000 | 00922cam a22003137a 4500 | ||
|---|---|---|---|
| 003 | CHAP | ||
| 005 | 20220329141631.0 | ||
| 008 | 971013s1978 r 00010 d | ||
| 010 | _a71381 | ||
| 011 | _a72353 | ||
| 035 | _a81908 | ||
| 040 | _cCHAP | ||
| 090 | _aFolleto 9662 | ||
| 100 | 0 | 0 |
_aCambiasco, Jorge E. _917777 |
| 245 | 1 | 3 | _aLa demanda de dinero en América Latina |
| 260 |
_aMéxico, D. F. : _bCEMLA, _c1978 |
||
| 300 | _a31 p. | ||
| 490 | 0 | _aCEMLA. Ensayos | |
| 590 |
_aBATCH-UPD _b10 _c20130110 _lUCH01 _h0620 |
||
| 590 |
_aBATCH-UPD _b10 _c20130410 _lUCH01 _h0303 |
||
| 590 |
_aBATCH-UPD _b10 _c20130914 _lUCH01 _h0820 |
||
| 590 |
_aCONVERSION _b10 _c20130109 _lUCH01 _h1339 |
||
| 650 | 1 | 4 |
_aCuestión monetaria _xAmérica Latina. _930122 |
| 650 | 1 | 4 |
_aDinero. _932616 |
| 830 | 0 |
_aCEMLA. Ensayos _920940 |
|
| 901 | _aBK | ||
| 942 | _cFOLL | ||
| 949 |
_aFolleto 9662 _bBC _cFOLL _d-35620 _eTS1 _i81908 _si _t250.00 |
||
| 999 |
_c71381 _d71381 |
||